Lo stoto giuridico dei consacrati per la professione dei consigli evangelici

Saved in:
Bibliografiske detaljer
Format: Bog
Sprog:italiensk
Udgivet: Ciudad del Vaticano Libreria Editrice Vaticana 1985
Serier:Studi Giuridici, 8
Fag:
Tags: Tilføj Tag
Ingen Tags, Vær først til at tagge denne postø!

MARC

LEADER 00000nam a2200000 a 4500
001 UCV3137
003 CL-VaPUC
008 930414e19850000VC |||||||||||||||||ita|d
082 0 4 |a 262.932  |b STO  |2 21 
245 1 3 |a Lo stoto giuridico dei consacrati per la professione dei consigli evangelici 
300 |a 226 p 
942 |c BK 
945 |d 19930414 00:00:00 
260 |a Ciudad del Vaticano  |b Libreria Editrice Vaticana  |c 1985 
650 0 |a Vida cristiana  |9 258753 
650 7 |a MONASTICISMO  |2 CL-VaPUC  |9 258754 
650 7 |a DERECHO CANONICO  |2 CL-VaPUC  |9 297390 
583 |a last modification  |c 19930414 00:00:00  |k Rodrigo Vera 
490 0 |a Studi Giuridici, 8 
999 |c 210466  |d 210464 
952 |0 0  |1 0  |4 0  |6 262_932000000000000_STO_1985  |7 0  |8 A  |9 186749  |a BIBDER  |b BIBDER  |d 2019-11-14  |i 254346K  |o 262.932 STO 1985  |p 254346K  |r 2023-01-25  |w 2019-11-14  |y BK  |k DER